000 01006nam a2200289Ia 4500
003 OSt
005 20221005060932.0
006 a|||||r|||| 00| 0
007 ta
008 221004b |||||||| |||| 00| 0 eng d
020 _a9781138022386 (hbk)
_cUKP 95.00
024 _a30024
037 _b1359, 10/03/2017, Bright Book Service
_cTextual
040 _aCRL
_cCRL
_beng
041 _2eng
_aeng
082 _aP111, Q6
100 _aEstival Dominique Au.
_9599993
245 0 _aAviation english
_b a lingua franca for pilots and air traffic controllers
260 _aLondon
_bRoutledge UK
_c2016
300 _axviii,197p.
_ccm.
490 _aRoutledge research in english for specific purposes
650 _aENGLISH LANGUAGE
700 _a Farris Candace Au.
_9599994
700 _a Molesworth Brett Au.
_9599995
942 _hP111, Q6
_cTEXL
_2cc
999 _c967439
_d967439